[Event "Sant Andreu Tram-C"]
[Site "Barcelona"]
[Date "2019.11.16"]
[Round "8.5"]
[White "Ros Gorne, Ramon"]
[Black "Marabajan Navas, Saul"]
[Result "0-1"]
[WhiteElo "1614"]
[BlackElo "1658"]
[PlyCount "74"]
[EventDate "2019.09.14"]
[EventType "tourn"]
[EventRounds "9"]
[EventCountry "ESP"]
[SourceTitle "EXT 2024"]
[Source "ChessBase"]
[SourceDate "2023.10.10"]
[SourceVersion "1"]
[SourceVersionDate "2023.10.10"]
[SourceQuality "1"]

1. e4 c5 2. Nc3 a6 3. g3 b5 4. Bg2 Bb7 5. a3 e6 6. d3 d5 7. exd5 exd5 8. Qe2+ Ne7 9. Nf3 Nd7 10. 0-0 Qb6 11. Re1 d4 12. Ne4 0-0-0 13. Nfg5 f5 14. Nxc5 Nxc5 15. Nf7 Bxg2 16. Kxg2 Rg8 17. Nxd8 Kxd8 18. Bg5 Qb7+ 19. f3 h6 20. Bxe7+ Qxe7 21. Qd2 Qc7 22. Re2 Bd6 23. Rae1 g5 24. Qc1 h5 25. Kg1 f4 26. Rg2 Nd7 27. Re4 Ne5 28. Qd1 fxg3 29. hxg3 Rf8 30. f4 Ng4 31. Qe2 gxf4 32. gxf4 Bxf4 33. Rxd4+ Kc8 34. Qe6+ Kb8 35. Re4 Bh2+ 36. Kh1 Rf1+ 37. Rg1 Rxg1# 0-1

[Event "Sant Andreu Tram-C"]
[Site "Barcelona"]
[Date "2019.10.19"]
[Round "5.2"]
[White "Ros Gorne, Ramon"]
[Black "Casares Bonals, Asier"]
[Result "0-1"]
[WhiteElo "1614"]
[BlackElo "1570"]
[PlyCount "128"]
[EventDate "2019.09.14"]
[EventType "tourn"]
[EventRounds "9"]
[EventCountry "ESP"]
[SourceTitle "EXT 2024"]
[Source "ChessBase"]
[SourceDate "2023.10.10"]
[SourceVersion "1"]
[SourceVersionDate "2023.10.10"]
[SourceQuality "1"]

1. e4 c5 2. Nc3 d6 3. f4 Nf6 4. Bc4 Nc6 5. Nf3 e6 6. 0-0 a6 7. a3 b5 8. Ba2 Be7 9. e5 dxe5 10. fxe5 Nd7 11. Qe1 Qc7 12. d3 Ncxe5 13. Nxe5 Qxe5 14. Qf2 0-0 15. Bf4 Qd4 16. Be3 Qh4 17. Qf3 Rb8 18. Bf2 Qg5 19. Ne4 Qg6 20. Bg3 Rb6 21. Qe2 Nf6 22. Nf2 Bb7 23. Nh3 Qg4 24. Qxg4 Nxg4 25. Bc7 Rc6 26. Bf4 Bd6 27. Rae1 Bxf4 28. Rxf4 Nf6 29. Ng5 Rd6 30. Re3 Nd5 31. Bxd5 Rxd5 32. Ne4 Rfd8 33. Rg3 Kf8 34. Ng5 Rxg5 35. Rxg5 Rc8 36. Re5 Bd5 37. g4 c4 38. dxc4 bxc4 39. c3 Rb8 40. Re2 Ke7 41. h4 f6 42. g5 Kf7 43. gxf6 gxf6 44. Rff2 Rg8+ 45. Kh2 Rg4 46. Kh3 h5 47. Re3 f5 48. Rg3 Kg6 49. Rxg4+ hxg4+ 50. Kg3 e5 51. Rd2 Bf3 52. Rd6+ Kh5 53. Rxa6 f4+ 54. Kf2 e4 55. Rf6 e3+ 56. Ke1 Kxh4 57. Rxf4 Kh3 58. Rf6 Kg2 59. a4 g3 60. a5 Bg4 61. a6 Kh2 62. a7 g2 63. a8Q g1Q+ 64. Rf1 Qg3+ 0-1

[Event "Berlin Lichtenberger op 16th"]
[Site "Berlin"]
[Date "2017.08.21"]
[Round "3"]
[White "Ros Gorne, Ramon"]
[Black "Chung, Nicholas"]
[Result "1-0"]
[WhiteElo "1645"]
[BlackElo "1417"]
[PlyCount "99"]
[EventDate "2017.08.19"]
[EventType "swiss"]
[EventRounds "9"]
[EventCountry "GER"]
[SourceTitle "CBM 180 Extra"]
[Source "ChessBase"]
[SourceDate "2017.10.06"]
[SourceVersion "1"]
[SourceVersionDate "2017.10.06"]
[SourceQuality "1"]

1. e4 c5 2. Nc3 Nc6 3. g3 Nf6 4. Bg2 g6 5. d3 Bg7 6. Be3 d6 7. Qc1 Bd7 8. Bh6 0-0 9. Bxg7 Kxg7 10. Nf3 a6 11. 0-0 e6 12. Re1 d5 13. exd5 exd5 14. Qd2 Re8 15. Rxe8 Nxe8 16. Nxd5 Nc7 17. Nxc7 Qxc7 18. Qc3+ Kg8 19. Qxc5 b6 20. Qc3 Re8 21. Re1 Rxe1+ 22. Nxe1 Qc8 23. Nf3 Qe8 24. Qe1 Qc8 25. c3 Bf5 26. d4 Na5 27. Qe7 Be6 28. Qb4 Qc7 29. Qa3 Bc4 30. b3 Bd3 31. c4 Be2 32. d5 b5 33. Nd4 Bd3 34. cxb5 axb5 35. b4 Qc4 36. bxa5 Qxd4 37. Qc1 Bc4 38. a3 Bxd5 39. Bxd5 Qxd5 40. Qc3 Qd1+ 41. Kg2 Qd5+ 42. Qf3 Qd8 43. a6 Qd4 44. Qb7 Qc5 45. a7 Kg7 46. a8Q Qf5 47. Qe4 Qf6 48. Qad5 Qa6 49. Qee5+ Kh6 50. Qd7 1-0

[Event "Berlin Lichtenberger op 16th"]
[Site "Berlin"]
[Date "2017.08.19"]
[Round "1"]
[White "Ros Gorne, Ramon"]
[Black "Hesse, Henrik"]
[Result "0-1"]
[WhiteElo "1645"]
[BlackElo "2124"]
[PlyCount "38"]
[EventDate "2017.08.19"]
[EventType "swiss"]
[EventRounds "9"]
[EventCountry "GER"]
[SourceTitle "CBM 180 Extra"]
[Source "ChessBase"]
[SourceDate "2017.10.06"]
[SourceVersion "1"]
[SourceVersionDate "2017.10.06"]
[SourceQuality "1"]

1. e4 c5 2. Nc3 Nc6 3. g3 e6 4. Bg2 Nf6 5. Nf3 d5 6. exd5 exd5 7. 0-0 Be7 8. d4 h6 9. Re1 0-0 10. a3 Bg4 11. dxc5 Bxc5 12. b4 Bd4 13. Qd2 Ne4 14. Nxe4 Bxa1 15. Nc5 b6 16. Nd3 Rc8 17. Bb2 Bxb2 18. Nxb2 Bxf3 19. Bxf3 Qf6 0-1

[Event "Poznan op 24th"]
[Site "Poznan"]
[Date "2016.08.08"]
[Round "1"]
[White "Woloch, Oskar"]
[Black "Ros Gorne, Ramon"]
[Result "1-0"]
[WhiteElo "2170"]
[BlackElo "1561"]
[PlyCount "89"]
[EventDate "2016.08.08"]
[EventType "swiss"]
[EventRounds "9"]
[EventCountry "POL"]
[SourceTitle "CBM 173 Extra"]
[Source "ChessBase"]
[SourceDate "2016.08.29"]
[SourceVersion "1"]
[SourceVersionDate "2016.08.29"]
[SourceQuality "1"]

1. e4 e6 2. b3 d5 3. Bb2 Nf6 4. e5 Nfd7 5. f4 c5 6. Nf3 Be7 7. g3 b6 8. Bg2 Bb7 9. 0-0 0-0 10. Qe2 Qc7 11. d3 d4 12. c4 a5 13. a4 Na6 14. Na3 Rad8 15. Rae1 Qc8 16. Bc1 Rde8 17. g4 Ba8 18. f5 exf5 19. gxf5 Bxf3 20. Qxf3 Bh4 21. Re4 Nxe5 22. Qe2 Bf6 23. Bf4 Nc6 24. Nb5 Rxe4 25. Qxe4 Nab4 26. Re1 Qd7 27. Kh1 Qe7 28. Qxe7 Bxe7 29. Be4 h6 30. Rg1 Kh8 31. Bc7 Bf6 32. Bxb6 Ne5 33. Bxc5 Nbxd3 34. Bxf8 Nf2+ 35. Kg2 Nxe4 36. Bd6 Ng4 37. Bf4 Ne3+ 38. Bxe3 dxe3 39. Re1 Bg5 40. h4 Bxh4 41. Rxe3 Nc5 42. Nd6 g6 43. Ne4 Nxe4 44. Rxe4 Bf6 45. c5 1-0